| 000 | 00470nam a2200097Ia 4500 | ||
|---|---|---|---|
| 008 | 170517s9999 xx 000 0 und d | ||
| 245 | _aContagion | ||
| 300 | _aThe ghosts of men and women fill the walls of government hospitals across India. They stare silently, suspended in limbo between the living and the dead. These patients are the infected, victims of a contagion so lethal it kills... | ||
| 650 | _xTechnology. | ||
| 856 | _uhttp://topdocumentaryfilms.com/contagion/ | ||
| 999 |
_c335025 _d335025 |
||